Music Quiz

Random Music or Song Quiz
Score 0/100 Timer 10:00
2 Plays Today
Song Artist % Correct
The Girl Is MineMichael Jackson & Paul McCartney
99.6%
Billie JeanMichael Jackson
99.6%
Beat ItMichael Jackson
99.6%
Wanna Be Startin' SomethingMichael Jackson
99.6%
Human NatureMichael Jackson
99.6%
Every Breath You TakeThe Police
96.5%
Little Red CorvettePrince
91.8%
1999Prince
91.8%
Hungry Like The WolfDuran Duran
88.5%
Is There Something I Should Know?Duran Duran
88.5%
Steppin' OutJoe Jackson
87.9%
Breaking Us In TwoJoe Jackson
87.9%
Sweet Dreams (Are Made of This)Eurythmics
87%
AfricaToto
86.6%
I Won't Hold You BackToto
86.6%
Let's DanceDavid Bowie
85.6%
China GirlDavid Bowie
85.6%
Down UnderMen at Work
85.2%
OverkillMen at Work
85.2%
It's a MistakeMen At Work
85.2%
Do You Really Want To Hurt MeCulture Club
84.6%
Time (Clock of the Heart)Culture Club
84.6%
I'll Tumble 4 YaCulture Club
84.6%
ManeaterHall & Oates
82.9%
Family ManHall & Oates
82.9%
Sexual HealingMarvin Gaye
82.3%
One on OneHall & Oates
82.2%
AllentownBilly Joel
80.3%
Tell Her About ItBilly Joel
80.3%
Total Eclipse of the HeartBonnie Tyler
80.2%
Come On EileenDexys Midnight Runners
79.7%
Rock the CasbahThe Clash
77.3%
I'm Still StandingElton John
73.7%
You Can't Hurry LovePhil Collins
72.6%
Song Artist % Correct
Flashdance... What A FeelingIrene Cara
71.6%
Mr. RobotoStyx
71.3%
Don't Let It EndStyx
71.3%
Stray Cat StrutStray Cats
68.8%
(She's) Sexy + 17Stray Cats
68.8%
The Safety DanceMen Without Hats
68.5%
MickeyToni Basil
67%
Separate Ways (Worlds Apart)Journey
64.8%
FaithfullyJourney
64.8%
She Works Hard For The MoneyDonna Summer
63.5%
Back On The Chain GangPretenders
62.6%
She Blinded Me With ScienceThomas Dolby
60.6%
Electric AvenueEddy Grant
60%
Goody Two ShoesAdam Ant
58.4%
Up Where We BelongJoe Cocker & Jennifer Warnes
58.1%
Too ShyKajagoogoo
55.9%
Our HouseMadness
55.5%
Dirty LaundryDon Henley
53.5%
You AreLionel Richie
52.4%
TrulyLionel Richie
52.4%
My LoveLionel Richie
52.4%
PhotographDef Leppard
52.3%
TrueSpandau Ballet
48.2%
GloriaLaura Branigan
47.7%
SolitaireLaura Branigan
47.7%
How Am I Supposed to Live Without You?Laura Branigan
47.7%
Come DancingThe Kinks
47.6%
Making Love Out of Nothing at AllAir Supply
46.4%
We've Got TonightKenny Rogers & Sheena Easton
44.9%
Puttin' On The RitzTaco
44.9%
(Keep Feeling) FascinationHuman League
44.8%
Shame On the MoonBob Seger & The Silver Bullet Band
42.7%
Stand BackStevie Nicks
41.7%
ManiacMichael Sembello
40.8%
Song Artist % Correct
Twilight ZoneGolden Earring
40.3%
JeopardyThe Greg Kihn Band
40%
Straight From The HeartBryan Adams
38.6%
You Got LuckyTom Petty and the Heartbreakers
38.6%
Lawyers In LoveJackson Browne
35.5%
Tonight, I Celebrate My LovePeabo Bryson & Roberta Flack
35.3%
She's A BeautyThe Tubes
34.4%
Pass the DutchieMusical Youth
33.6%
Always Something There To Remind MeNaked Eyes
30.5%
Promises, PromisesNaked Eyes
30.5%
Hot Girls in LoveLoverboy
26.8%
Der KommissarAfter the Fire
26.1%
Baby, Come To MePatti Austin & James Ingram
25.5%
Affair of the HeartRick Springfield
24.8%
I've Got a Rock 'n' Roll HeartEric Clapton
23.2%
HeartbreakerDionne Warwick
22.8%
Heart to HeartKenny Loggins
21%
You and IEddie Rabbitt & Crystal Gayle
18.8%
Your Love Is Driving Me CrazySammy Hagar
18.6%
Don't CryAsia
18.3%
I Know There's Something Going OnAnni-Frid Lyngstad
17.5%
All RightChristopher Cross
13.1%
Never Gonna Let You GoSergio Mendes
13%
The Other GuyLittle River Band
11.9%
Far From OverFrank Stallone
11.7%
It Might Be YouStephen Bishop
9.9%
Take Me To HeartQuarterflash
9.9%
All This LoveDeBarge
9.8%
Dead GiveawayShalamar
9.3%
Fall In Love With MeEarth, Wind & Fire
8.5%
What About MeMoving Pictures
7.8%
Try AgainChampaign
5.4%

You're not logged in!

Compare scores with friends on all Sporcle quizzes.
OR
Log In

Sporcle TV

Today on Sporcle TV


Watch our educational content, quiz creation guides, and fun videos on Sporcle TV.

Show Comments

Extras

Top Quizzes Today


Score Distribution

Paid Content

Your Account Isn't Verified!

In order to create a playlist on Sporcle, you need to verify the email address you used during registration. Go to your Sporcle Settings to finish the process.

Report this User

Report this user for behavior that violates our Community Guidelines.

Details: